| 000 | 00539nam a2200181Ia 4500 | ||
|---|---|---|---|
| 005 | 20250923144452.0 | ||
| 008 | 008 250917s9999 xx 000 0 eng d | ||
| 037 | _aTextual | ||
| 040 |
_aDSWL _beng _cDSWL |
||
| 041 |
_aeng _2eng |
||
| 084 | _qDSWL | ||
| 245 | 0 |
_aReports of the Proceedings Bombay , 5-12 December 1952 _cby International Study Conference on Child Welfare I |
|
| 260 |
_aGeneve _bInternational Union for Child Welfare _c1953 |
||
| 365 |
_aINR _b3.8 |
||
| 925 | _g3.8 | ||
| 942 | _cTEXL | ||
| 999 |
_c1439269 _d1439269 |
||